|
|
|
|
| LEADER |
00984nam a22001937a 4500 |
| 008 |
170117b xxu||||| |||| 00| 0 eng d |
| 020 |
|
|
|a 9781770510081
|
| 082 |
|
|
|a 894.1209
|b MOH
|
| 100 |
|
|
|a മോഹന്ദാസ്, വള്ളിക്കാവ്
|
| 240 |
|
|
|a Arangile shonabimbam : ningalenne communistaakki
|
| 245 |
|
|
|a അരങ്ങിലെ ശോണബിംബം :
|b നിങ്ങളെന്നെ കമ്മ്യൂണിസ്റ്റാക്കി /
|c വള്ളിക്കാവ് മോഹന്ദാസ്
|
| 250 |
|
|
|a 1st ed.
|
| 260 |
|
|
|a തിരുവനന്തപുരം :
|b പ്രഭാത് ബുക്ക് ഹൗസ്,
|c 2013.
|
| 300 |
|
|
|a 89p.
|
| 650 |
|
|
|a Study
|
| 700 |
|
|
|a Mohandas, Valllikkavu
|
| 942 |
|
|
|2 ddc
|c BK
|
| 999 |
|
|
|c 16474
|d 16474
|
| 952 |
|
|
|0 0
|1 0
|2 ddc
|4 0
|6 894_120900000000000_MOH
|7 0
|9 23094
|a MAIN
|b MAIN
|d 2017-01-17
|e Prabhath Book House
|g 65.00
|l 1
|o 894.1209 MOH
|p 23379
|r 2019-04-29
|s 2019-04-27
|t 1
|w 2017-01-17
|y BK
|